Soberanía /
El anhelo de una patria socialmente justa, económicamente libre y políticamente soberana es un norte posible. ¿Qué es para nosotros la soberanía hoy?
Guardado en:
| Autor Principal: | |
|---|---|
| Autores Corporativos: | , |
| Otros Autores: | |
| Formato: | |
| Publicado: |
Argentina,
2009.
|
| Series: | Que supimos conseguir. Una mirada sobre el Bicentenario
Capítulo 6 |
| Materias: | |
| Acceso en línea: | https://www.educ.ar/recursos/101015/soberania |
| Etiquetas: |
Agregar Etiqueta
Sin Etiquetas, Sea el primero en etiquetar este registro!
|
| LEADER | 01445ngm a22004335g 4500 | ||
|---|---|---|---|
| 001 | CEM.cems023600 | ||
| 008 | 130507s2009##################0###0#####d | ||
| 005 | 20250613143116.0 | ||
| 245 | 1 | 0 | |a Soberanía / |c Laura Durán. |
| 260 | |a Argentina, |c 2009. | ||
| 300 | |a 29'. | ||
| 490 | 0 | |a Que supimos conseguir. Una mirada sobre el Bicentenario | |
| 490 | 1 | |a Capítulo 6 | |
| 520 | |a El anhelo de una patria socialmente justa, económicamente libre y políticamente soberana es un norte posible. ¿Qué es para nosotros la soberanía hoy? | ||
| 538 | |a Soporte: DVD - Color: Si - Grabación DRD | ||
| 500 | |a Consultar en ventanilla. | ||
| 100 | 1 | |a Durán, Laura | |
| 710 | 2 | |a Universidad nacional del Noroeste de la Provincia de Buenos Aires. | |
| 710 | 2 | |a Canal Encuentro. | |
| 700 | 1 | |a Tognetti, Daniel; Conducción. | |
| 082 | 3 | 0 | |/ DUR |
| 653 | |a SOCIEDAD | ||
| 653 | |a BICENTENARIO | ||
| 653 | |a ARGENTINA | ||
| 653 | |a RELACIONES HUMANAS | ||
| 653 | |a INSTRUCCION CIVICA | ||
| 653 | |a POLITICA | ||
| 653 | |a HISTORIA | ||
| 653 | |a HISTORIA ARGENTINA | ||
| 653 | |a CIENCIAS POLITICAS | ||
| 653 | |a SOBERANIA | ||
| 653 | |a PATRIOTISMO | ||
| 653 | |a NACIONALIDAD | ||
| 653 | |a IDENTIDAD | ||
| 653 | |a NACIONALISMO | ||
| 653 | |a INDEPENDENCIA | ||
| 653 | |a SERIE DE TELEVISIÓN | ||
| 856 | |u https://www.educ.ar/recursos/101015/soberania | ||
| 859 | |a CEMS |b BIB. CEMS - Depto. Recursos Didacticos |h 301 |i DUR |k DRD |p 2243.15 |t Ej.1 | ||
